00274nam a2200109 a 450000500170000000800410001705000170005824500520007526000100012794200080013799900190014520141022141958.0120302s19uu xx 00 eng d aCDbK15 1998 aKasaysayan :bthe story of the Filipino people. c1998. cAVM c276074d276074